Ekanki manch/ (Record no. 12183)

000 -LEADER
fixed length control field 00349nam a22001451a 4500
082 ## - DEWEY DECIMAL CLASSIFICATION NUMBER
Classification number H2
Item number AMI/E
245 ## - TITLE STATEMENT
Title Ekanki manch/
Statement of responsibility, etc by Amitabh V P (ed.)
260 ## - PUBLICATION, DISTRIBUTION, ETC. (IMPRINT)
Place of publication Mathura:
Name of publisher Jawahar Pustakalaya,
Year of publication 1999.
300 ## - PHYSICAL DESCRIPTION
Number of Pages 96p.
650 ## - SUBJECT ADDED ENTRY--TOPICAL TERM
Topical Term Drama Hindi
650 ## - SUBJECT ADDED ENTRY--TOPICAL TERM
Topical Term Literature Hindi
650 ## - SUBJECT ADDED ENTRY--TOPICAL TERM
Topical Term Literature
700 ## - ADDED ENTRY--PERSONAL NAME
Personal name Amitabh V P (ed.)
942 ## - ADDED ENTRY ELEMENTS (KOHA)
Koha item type Book
Holdings
Withdrawn status Lost status Damaged status Not for loan Permanent Location Current Location Date acquired Cost, normal purchase price Full call number Accession Number Cost, replacement price Price effective from Koha item type
        Sree Sankaracharya University of Sanskrit Sree Sankaracharya University of Sanskrit 08.01.2015 22.00 H2 AMI/E 047399 0.00 08.01.2015 Book